| 000 | 00927cam a2200313 i 4500 | ||
|---|---|---|---|
| 999 |
_c200441589 _d59801 |
||
| 003 | TR-AnTOB | ||
| 005 | 20220420090108.0 | ||
| 007 | ta | ||
| 008 | 720811s1971 fr s 000 0 eng | ||
| 010 | _a 72183265 | ||
| 015 | _aF*** | ||
| 040 |
_aDLC _beng _erda _cDLC _dTR-AnTOB |
||
| 041 | 0 | _aeng | |
| 043 | _ae-au--- | ||
| 050 | 0 | 0 |
_aHD3616.A93 _bO74 |
| 090 |
_aHD3616.A93 _bO74 |
||
| 110 | 2 |
_aOrganisation for Economic Co-operation and Development. _bIndustry Committee _9131656 |
|
| 245 | 1 | 4 | _aThe industrial policy of Austria. |
| 264 | 1 |
_a[Paris] : _bOrganisation for Economic Co-operation and Development _c[1971] |
|
| 300 |
_a168 pages ; _c24 cm |
||
| 336 |
_2rdacontent _atext _btxt |
||
| 337 |
_2rdamedia _aunmediated _bn |
||
| 338 |
_2rdacarrier _avolume _bnc |
||
| 350 | _a$3.50 (U.S.) | ||
| 653 | _aIndustrial policy--Austria. | ||
| 942 |
_2lcc _cBK |
||